书目信息 |
| 题名: |
专利导航产业和区域经济发展实务
|
|
| 作者: | 贺化 主编 | |
| 分册: | ||
| 出版信息: | 北京 知识产权出版社 2013 |
|
| 页数: | 332页 | |
| 开本: | 26cm | |
| 丛书名: | ||
| 单 册: | ||
| 中图分类: | G306.72 , F127 | |
| 科图分类: | ||
| 主题词: | 专利--关系--区域经济发展--研究--中国 , 专利 , 区域经济发展 | |
| 电子资源: | ||
| ISBN: | 978-7-5130-1894-4 | |
| 000 | 00963nam0 2200277 450 | |
| 001 | 523 | |
| 005 | 20140909172505.03 | |
| 010 | @a978-7-5130-1894-4@dCNY68.00 | |
| 100 | @a20130426d2013 em y0chiy50 ea | |
| 101 | 0 | @achi |
| 102 | @aCN@b110000 | |
| 105 | @ay z 000yy | |
| 106 | @ar | |
| 200 | 1 | @a专利导航产业和区域经济发展实务@f贺化主编 |
| 210 | @a北京@c知识产权出版社@d2013 | |
| 215 | @a332页@d26cm | |
| 300 | @a专利与经济发展探索 第1卷 | |
| 330 | @a本书从专利与“技术-产业-市场”这一链条的内在机理展开研究,围绕专利密集型产业和发展特点,解析专利在产业发展中的作用力和影响力;通过专利分析模块的设置和选用,科学合理地提炼专利所蕴含的技术、法律和市场信息,为产业转型升级和区域经济发展优选方案提供支撑。 | |
| 606 | 0 | @a专利@x关系@x区域经济发展@x研究@y中国 |
| 606 | 0 | @a专利 |
| 606 | 0 | @a区域经济发展 |
| 690 | @aG306.72@v5 | |
| 690 | @aF127@v5 | |
| 701 | 0 | @a贺化@4主编 |
| 801 | 0 | @aCN@bTANGWEI@c20140603 |
| 905 | @b0842909-11@dG306.72@e5@f3 | |
| 专利导航产业和区域经济发展实务/贺化主编.-北京:知识产权出版社,2013 |
| 332页;26cm |
| 专利与经济发展探索 第1卷 |
| ISBN 978-7-5130-1894-4:CNY68.00 |
| 本书从专利与“技术-产业-市场”这一链条的内在机理展开研究,围绕专利密集型产业和发展特点,解析专利在产业发展中的作用力和影响力;通过专利分析模块的设置和选用,科学合理地提炼专利所蕴含的技术、法律和市场信息,为产业转型升级和区域经济发展优选方案提供支撑。 |
| ● |
| 相关链接 |
|
|
|
|
正题名:专利导航产业和区域经济发展实务
索取号:G306.72/5
 
预约/预借
| 序号 | 登录号 | 条形码 | 馆藏地/架位号 | 状态 | 备注 |
| 1 | 0842909 | 208429093 | 第一样本阅览室/ [索取号:G306.72/5] | 在馆 | |
| 2 | 0842910 | 208429100 | 第四借阅区/ [索取号:G306.72/5] | 在馆 | |
| 3 | 0842911 | 208429119 | 第四借阅区/ [索取号:G306.72/5] | 在馆 |